EWIV in der Slowakei - noch lange nicht alle chancen sind ergriffen eine aktuelle analyse zum zietpunkt april 2011

Salvato in:
Dettagli Bibliografici
Autore principale: Buzinkayová, Mária
Natura: Libro
Lingua:tedesco
Pubblicazione: 2011
Soggetti:
Tags: Aggiungi Tag
Nessun Tag, puoi essere il primo ad aggiungerne!!

MARC

LEADER 00000nam$a2200000$$$4500
001 0134117
005 20240502072515.1
041 0 |a ger 
044 |a SK 
245 1 0 |a EWIV in der Slowakei - noch lange nicht alle chancen sind ergriffen  |b eine aktuelle analyse zum zietpunkt april 2011  |c Mária Buzinkayová 
264 1 |c 2011 
300 |a 11 s. 
610 2 0 |a podnikanie 
610 2 0 |a Európska únia 
610 2 0 |a Slovensko 
100 1 |a Buzinkayová, Mária